Guess The FNaF song based on the lyrics - Statistics

General Stats
  • This quiz has been taken 55 times
  • The average score is 4 of 36
Answer Stats
Hint Answer % Correct
"We're forced to take that role." Five Nights at Freddy's
82%
"If you want it done right, you should just do it yourself." I Can't Fix You
68%
"It's not the first time you'll die." Die In A Fire
57%
"Did you listen to the vision you saw?" Five More Nights
45%
"I'm sorry you've been misinformed!" Labyrinth
25%
"And why has anybody been renting you?" You Belong Here
25%
"Finally free from the pain of our own." Balloons
14%
"That place was this very place." Bringing Us Home
14%
"Out of danger, into death." Another Round
11%
"In my factory you will be doomed." Jackie's Box
11%
"Now Chica's creepin' on me." Memory
11%
"I am torn, I can't ignore." Disconnected
9%
"Why are you so scared of me and my friends." No More Cake
9%
"I think it's kind of funny, how you sit there so helpless." Please Stand By
9%
"What do you need a clock for." Back For Another Bite
7%
"Here comes the star of the show." BITE OF 87'
5%
"Hello hello, well I came to say hello." FREDDY
5%
"Scott just woke up from a nightmare." Fury
5%
"It is always great when I, get to meet another new one." Last Night of Your Life
5%
"Lure you in and then destroy you." Not The End
5%
"The present past is gone, your future won't be long." Before
2%
"Dancing between a dream and a memory." Eclipsed By The Moon
2%
"Feel the evil, writhe inside your bones." One Of Us
2%
"You can bring out my acoustic side." Party Isn't Over
2%
"Have you been answering my calls?" Render Me Alive
2%
"Instead of candy, he brings heads." The Curse
2%
"We've got the night all to ourselves." Ultimate Fright
2%
"I'm coming after you, don't flash your beacon." When The Curtain Falls
2%
"The clock is chiming." Child Like You
0%
"As if it was about a guy named Fredbear." Dayshift at Freddy's
0%
"Sittin' in my studio, hidin' from the beasts." Empty Hearts
0%
"Try the chocolate cake, with the marshmallow filling inside." Glamorous
0%
"You don't choose your family; you get the one you got." It's In My Blood
0%
"Welcome to your very first night, can't promise we won't bite." Let's Eat
0%
"So fix M2 and then we'll have some fun with you." MIMIC YOU
0%
"Ravage through the rot, vengeance while you weep." Misfit
0%
No matching quizzes found
Score Distribution
Percent of People with Each Score
Percentile by Number Answered
Your Score History
You have not taken this quiz